|
|
|
|
| LEADER |
01926nem a2200445 i 4500 |
| 001 |
nkc20162856334 |
| 003 |
CZ PrNK |
| 005 |
20211026141704.0 |
| 007 |
aj canzn |
| 008 |
161129s2016 xr z a 0 cze |
| 015 |
|
|
|a cnb002856334
|
| 020 |
|
|
|a 978-80-7224-762-2
|
| 034 |
1 |
|
|a a
|b 110000
|d E0142300
|e E0165200
|f N0500600
|g N0481000
|
| 040 |
|
|
|a ABA001
|b cze
|e rda
|
| 041 |
0 |
|
|a cze
|a ger
|
| 043 |
|
|
|a ec-----
|
| 072 |
|
7 |
|a 913(4)
|x Geografie Evropy, reálie, cestování
|2 Konspekt
|9 7
|
| 072 |
|
7 |
|a 912
|x Mapy. Atlasy. Glóby
|2 Konspekt
|9 7
|
| 080 |
|
|
|a 796.61
|2 MRF
|
| 080 |
|
|
|a 913(4-191.2)
|2 MRF
|
| 080 |
|
|
|a (084.3)796.61
|2 MRF
|
| 110 |
2 |
|
|a SHOCart (firma)
|7 ko2001100207
|4 ctg
|
| 245 |
1 |
0 |
|a Greenway Praha - Wien :
|b Praha, Tábor, Jindřichův Hradec, Znojmo, Mikulov, Valtice, Poysdorf, Mistelbach, Wien /
|c vydal a zpracoval SHOCart, spol. s r.o.
|
| 246 |
3 |
0 |
|a Praha, Tábor, Jindřichův Hradec, Znojmo, Mikulov, Valtice, Poysdorf, Mistelbach, Wien
|
| 255 |
|
|
|a Měřítko 1:110 000
|c E 14°23'00"--E 16°52'00"/N 50°06'00"--N 48°10'00")
|
| 264 |
|
1 |
|a Zádveřice :
|b SHOCart,
|c 2016
|
| 300 |
|
|
|a 1 mapa na 14 částech :
|b barevná ;
|c na listu 40 x 96 cm, složeno na 20 x 12 cm, v plastových deskách
|
| 336 |
|
|
|a kartografický obraz
|b cri
|2 rdacontent
|
| 337 |
|
|
|a bez média
|b n
|2 rdamedia
|
| 338 |
|
|
|a list
|b nb
|2 rdacarrier
|
| 500 |
|
|
|a Výškové profily a popis jednotlivých 14 částí cyklotrasy Praha - Vídeň
|
| 546 |
|
|
|a Místní jména česky a německy
|
| 650 |
0 |
7 |
|a cykloturistika
|7 ph114274
|z Česko
|2 czenas
|
| 650 |
0 |
7 |
|a cykloturistika
|7 ph114274
|z Rakousko
|2 czenas
|
| 651 |
|
7 |
|a Greenways Praha - Vídeň (cyklistická trasa)
|7 ge355589
|2 czenas
|
| 655 |
|
7 |
|a cykloturistické mapy
|7 fd131996
|2 czenas
|
| 910 |
2 |
|
|a BOA001
|b Mp2-1382.224
|
| 990 |
|
|
|a MP
|
| 995 |
|
|
|a 01
|
| 996 |
6 |
|
|b 2610696318
|c Mp2-1382.224
|l MZK
|r Sklad / do 1 hodiny
|n 0
|p p.v.
|w 001598178
|u 000010
|a 1
|e BOA001
|j MZK50
|s P
|